Normal view
MARC view
- الأدب العربي تحليل ونقد - النقاد العرب
Entry Topical Term
001 - CONTROL NUMBER
- control field: 24484
003 - CONTROL NUMBER IDENTIFIER
- control field: JO-AjAnu
005 - DATE AND TIME OF LATEST TRANSACTION
- control field: 20230606074209.0
008 - FIXED-LENGTH DATA ELEMENTS
- fixed length control field: 230606|| aca||aabn | a|a d
040 ## - CATALOGING SOURCE
- Original cataloging agency: JO-AjAnu
- Transcribing agency: JO-AjAnu
150 ## - HEADING--TOPICAL TERM
- Topical term or geographic name entry element: الأدب العربي تحليل ونقد - النقاد العرب
670 ## - SOURCE DATA FOUND
- Source citation: Work cat.: (JO-AjAnu)12592: صابر، نجوى محمود, author 24483, الذوق الأدبي وتطوره عند النقاد العرب حتى نهاية القرن الخامس الهجري